<?xml version="1.0" encoding="UTF-8"?><?xml-stylesheet type="text/xsl" href="static/style.xsl"?><OAI-PMH xmlns="http://www.openarchives.org/OAI/2.0/" xmlns:xsi="http://www.w3.org/2001/XMLSchema-instance" xsi:schemaLocation="http://www.openarchives.org/OAI/2.0/ http://www.openarchives.org/OAI/2.0/OAI-PMH.xsd"><responseDate>2026-05-11T20:52:53Z</responseDate><request verb="GetRecord" identifier="oai:gredos.usal.es:10366/157698" metadataPrefix="marc">https://gredos.usal.es/oai/request</request><GetRecord><record><header><identifier>oai:gredos.usal.es:10366/157698</identifier><datestamp>2025-04-30T17:54:14Z</datestamp><setSpec>com_10366_2387</setSpec><setSpec>com_10366_2386</setSpec><setSpec>com_10366_1</setSpec><setSpec>col_10366_82419</setSpec><setSpec>col_10366_74000</setSpec></header><metadata><record xmlns="http://www.loc.gov/MARC21/slim" xmlns:doc="http://www.lyncode.com/xoai" xmlns:xsi="http://www.w3.org/2001/XMLSchema-instance" xmlns:dcterms="http://purl.org/dc/terms/" xsi:schemaLocation="http://www.loc.gov/MARC21/slim http://www.loc.gov/standards/marcxml/schema/MARC21slim.xsd">
<leader>00925njm 22002777a 4500</leader>
<datafield tag="042" ind1=" " ind2=" ">
<subfield code="a">dc</subfield>
</datafield>
<datafield tag="720" ind1=" " ind2=" ">
<subfield code="a">García, Juan Justo, 1752-1830</subfield>
<subfield code="e">author</subfield>
</datafield>
<datafield tag="720" ind1=" " ind2=" ">
<subfield code="a">Prieto, Félix</subfield>
<subfield code="e">author</subfield>
</datafield>
<datafield tag="260" ind1=" " ind2=" ">
<subfield code="c">1794</subfield>
</datafield>
<datafield tag="024" ind2=" " ind1="8">
<subfield code="a">http://hdl.handle.net/10366/157698</subfield>
</datafield>
<datafield ind1=" " ind2=" " tag="653">
<subfield code="a">Obras anteriores a 1800</subfield>
</datafield>
<datafield ind1=" " ind2=" " tag="653">
<subfield code="a">Aritmética</subfield>
</datafield>
<datafield ind1=" " ind2=" " tag="653">
<subfield code="a">Álgebra</subfield>
</datafield>
<datafield ind1=" " ind2=" " tag="653">
<subfield code="a">Geometría</subfield>
</datafield>
<datafield ind1=" " ind2=" " tag="653">
<subfield code="a">Matemáticas</subfield>
</datafield>
<datafield tag="245" ind1="0" ind2="0">
<subfield code="a">Elementos de aritmética, álgebra y geometría</subfield>
</datafield>
</record></metadata></record></GetRecord></OAI-PMH>